000 00714nam a2200241 a 4500
005 20180803165011.0
008 140305b2001 ck a gr|||| 00| 0 spa d
040 _aCO-BoIAVH
_cCO-BoIAVH
041 _aspa
044 _ack
090 _aEA
_b356
100 1 _aCardona Rendón, Beatriz Marleny
_916012
245 1 _aGestión ambiental participativa
250 _a3 ed.
260 _aMedellín
_bCORANTIOQUIA
_c2001
300 _a40 paginas.
_c23 x 17 cm.
650 4 _aGestión ambiental
_992206
650 4 _aParticipación comunitaria
_965468
650 4 _aMedio ambiente
_992195
650 4 _aManual de procedimientos
_914547
700 1 _aRodríguez González, Adriana María
_916015
942 _cFolleto
_2z
999 _c2449
_d2449